| 000 | 00398nam a22001337a 4500 | ||
|---|---|---|---|
| 020 | _a9781471168017 | ||
| 040 | _cNUST | ||
| 082 |
_a813-CH _bRUS |
||
| 100 |
_aRussell, Rachel Renee _981942 |
||
| 110 |
_aRussell, Nikki Russell, Erin _981987 |
||
| 245 | _aDork Diaries Crush Catastrophe Tales From A Not So Fabulous Life | ||
| 260 |
_aLondon: _bSimon And Schuster Ltd, _c2017. |
||
| 942 |
_2ddc _cBK |
||
| 999 |
_c586338 _d586338 |
||